Chromatographie en phase liquide: exercices et problèmes

Uloženo v:
Podrobná bibliografie
Hlavní autoři: Rosset, Robert (Autor), Kolodziejczyk, Hanna (Autor)
Médium: Kniha
Jazyk:francouzština
Vydáno: París Masson 1995
Edice:Collection Enseignement de la Chimie
Témata:
Tagy: Přidat tag
Žádné tagy, Buďte první, kdo vytvoří štítek k tomuto záznamu!

MARC

LEADER 00000nam a2200000 a 4500
001 UCP6125
003 CL-VaPUC
008 991008e19950000FR |||||||||||||||||fre|d
082 0 4 |a 543.089  |b ROS  |2 21 
100 0 |a Rosset, Robert  |e author  |9 434987 
700 0 |a Kolodziejczyk, Hanna  |e author  |9 434988 
245 1 0 |a Chromatographie en phase liquide: exercices et problèmes 
300 |a 168 p 
942 |c BK 
945 |d 19991008 00:00:00  |a vberengu 
260 |a París  |b Masson  |c 1995 
650 0 |a Análisis cromatográfico  |9 262813 
650 0 |a Análisis químico  |9 344456 
650 0 |a Cromatografía líquida  |9 263939 
650 0 |a Química  |9 259896 
583 |a last modification  |c 19991008 00:00:00  |k Rodrigo Vera 
490 0 |a Collection Enseignement de la Chimie 
999 |c 283745  |d 283743 
952 |0 0  |1 0  |4 0  |6 543_089000000000000_ROS_1995  |7 0  |8 A  |9 327167  |a BIBCUR  |b BIBCUR  |d 2019-11-20  |i 3566420  |o 543.089 ROS 1995  |p 3566420  |r 2025-04-22  |w 2019-11-20  |y BK  |k BCB